Les surprenants chiffres des Français - 1 - Statistiques

Statistiques générales
  • Ce quiz a été pris 71 fois
  • Le résultat moyen est 4 sur 15
Statistiques - réponses
Hint Réponse % Correct
Environ 80 adoptions par jour Dans les refuges SPA en 2019
68%
Environ 7 kilos par seconde Consommation de bonbons et confiseries en 2018
46%
13000 Euros en 2019 Prix moyen d'un mariage
46%
33 kilos par an De litière pour un chat
38%
100000 par an Animaux abandonnés
29%
3,55 Mds d'Euros par an Achat de lingerie
23%
6,8 Mds par an D'actes sexuels par les Français
21%
66 Millions par an Bijoux vendus
20%
4,66 Mds d'Euros par an Dépense des célibataires cherchant l'âme soeur
18%
200000 en 2020 Nombre de chiens vivants à Paris
18%
22 Millions par an Bouquets de roses rouges
14%
Environ 250 par jour Divorces en 2018
13%
Environ 650 par jour Mariages en 2018
9%
Environ 450 par jour Pacs en 2019
9%
145000 en 2019 Rencontres sérieuses sur Meetic
9%
Aucun quiz correspondant
Distribution des résultats
% des personnes avec chaque résultat
Percentile par nombre de réponses
Votre historique - résultats
Vous n’avez pas pris ce quiz